| 000 | 00904nam a22002655i 4500 | ||
|---|---|---|---|
| 001 | 176769 | ||
| 003 | ES-MaACL | ||
| 005 | 20230906220157.0 | ||
| 008 | 110208s2009 sp ao |||| | spa d | ||
| 020 | _a978-84-95662-33-0 | ||
| 080 | _a622.342(460.181 Médulas)(091) | ||
| 080 | _a913(460.181 Médulas) | ||
| 245 | 0 | 4 |
_aLas Médulas / _cManuel Silva Suárez ... [et al.]. |
| 260 |
_aMadrid : _bReal Academia de Ingeniería, _cD. L. 2009. |
||
| 300 |
_a2 v. : _bil. col. y n. ; _c21 cm. |
||
| 490 | 1 |
_aHomenajes ; _v3 |
|
| 500 | _aGuardados en estuche. | ||
| 505 | 8 | 0 | _aContiene: T.II. Homenaje a las minas de oro de "Las Médulas" |
| 650 | 4 |
_aMinas de oro- _zLeón (Provincia)- _vHistoria. _9145100 |
|
| 651 | 4 |
_aLas Médulas- _xDescripción. _9145101 |
|
| 700 | 1 |
_aSilva, Manuel. _9106377 |
|
| 830 | 0 |
_aHomenajes ; _v3 _9190228 |
|
| 852 |
_aES-MaACL _jE-14242-43 |
||
| 999 |
_c176769 _d176769 |
||